| 000 | 00972nac a22002771u 4500 | ||
|---|---|---|---|
| 003 | EG-ScBUE | ||
| 005 | 20211115145110.0 | ||
| 008 | 200219s1988 le f 000 f eng d | ||
| 040 |
_aEG-ScBUE _beng _erda _cEG-ScBUE _dEG-ScBUE |
||
| 082 |
_a813.4 _bTWA _222 |
||
| 100 | 1 |
_aTwain, Mark, _d1835-1910, _eauthor. |
|
| 245 | 1 | 4 |
_aThe adventures of Tom Sawyer : _bwith an introduction, a guide, notes and a glossary / _cMark Twain. |
| 264 | 1 |
_aBeirut : _bYork Press, _c1988. |
|
| 300 |
_axxvi, 250 pages ; _c20 cm. |
||
| 336 |
_2rdacontent _atext _btxt |
||
| 337 |
_2rdamedia _aunmediated _bn |
||
| 338 |
_2rdacarrier _avolume _bnc |
||
| 490 | 0 | _aYork classics | |
| 600 | 1 | 7 |
_aSawyer, Tom _c(Fictitious character) _vFiction. _2BUEsh _934528 |
| 650 | 7 |
_aRunaway children _vFiction. _2BUEsh |
|
| 650 | 7 |
_aMississippi River Valley _vFiction. _2BUEsh _934185 |
|
| 651 | _2BUEsh | ||
| 653 |
_bHHUUEENN _cNovember2021 |
||
| 655 |
_vReading book _934232 |
||
| 942 |
_cBB _2ddc |
||
| 999 |
_c284 _d284 |
||